000 00209 a2200097 4500
001 6070
100 _aCarroll, P
245 _aTime study for cost control.
260 _a
_bMcGraw-Hill
_c
090 _c4968
_d4968
942 _aNUST-CAE
_cM
_c31342
999 _c241143
_d241143